000 00583nam a22001337a 4500
020 _a3-540-16260-7
082 _a535.2 NON'F
100 _aOUDER, J. L ,FLYTZANIS, C
_977244
245 _aNONLINEAR OPTICS, MATERIALS AND DEVICES PROCEEDINGS OF THE INFERMATONAL SCHOOL OF MAERIAL SCIENCE AND TECHNOLOGY ERICE SICILY JULY 1-14-1985
260 _aTOKYO
_bSPRINGER VERLAG
_c1986
300 _a249P
650 _a OPTICAL BISTBILITY AND INSTABILITIES NONLINEAR OPTICAL MATERIALS ULTRAFAST CHARGE CARRIER DYNAMICS IN SEMICONDUCTORS NONLINEAR OPTICS IN GUIDE STRUCTURE
_977245
942 _cBK
999 _c582546
_d582546